Mašiny baz dannych i upravlenije bazami dannych

Enregistré dans:
Détails bibliographiques
Auteur principal: Ozkarhan, Esen
Format: Livre
Langue:russe
Publié: Moskva Mir 1989
Édition:1. izd.
Tags: Ajouter un tag
Pas de tags, Soyez le premier à ajouter un tag!

MARC

LEADER 00000nam a2200000 4500
001 c034584
005 20230223134921.2
041 0 |a rus 
044 |a RU 
245 1 0 |a Mašiny baz dannych i upravlenije bazami dannych  |c Esen Ozkarhan 
250 |a 1. izd. 
264 1 |a Moskva  |b Mir  |c 1989 
300 |a 695 s. 
100 1 |a Ozkarhan, Esen